LIBRARY & INFORMATION CENTRE, KCAET, TAVANUR

ONLINE PUBLIC ACCESS CATALOGUE (OPAC)

Upgrading PCs illustrated / (Record no. 9569)

MARC details
000 -LEADER
fixed length control field 00467cam a2200181ua 4500
020 ## - INTERNATIONAL STANDARD BOOK NUMBER
ISBN 81 203 1311 9
041 ## - LANGUAGE CODE
Language code of text/sound track or separate title eng
082 ## - DEWEY DECIMAL CLASSIFICATION NUMBER
Classification number 004.16
Item number BOY/UP
100 ## - MAIN ENTRY--AUTHOR NAME
Personal name Boyce, Jim .
245 ## - TITLE STATEMENT
Title Upgrading PCs illustrated /
250 ## - EDITION STATEMENT
Edition statement 1 /
260 ## - PUBLICATION, DISTRIBUTION, ETC. (IMPRINT)
Place of publication New Delhi :
Name of publisher Prentice Hall of India Pvt Ltd. ,
Year of publication 2000.
300 ## - PHYSICAL DESCRIPTION
Number of Pages 710 ; .
942 ## - ADDED ENTRY ELEMENTS (KOHA)
Koha item type Books
Holdings
Withdrawn status Lost status Damaged status Home library Current library Date acquired Full call number Accession Number Koha item type
      KAUAET KAUAET 07/04/2012 004.16 20651 Books
free website counter